[Event "Frankfurt-ch"]
[Site "Frankfurt"]
[Date "2008.05.19"]
[Round "3"]
[White "Krueger, Manfred"]
[Black "Will, Karsten"]
[Result "1-0"]
[WhiteElo "1690"]
[BlackElo "1429"]
[PlyCount "77"]
[EventDate "2008.04.28"]
[EventType "swiss"]
[EventRounds "7"]
[EventCountry "GER"]
[SourceTitle "EXT 2009"]
[Source "ChessBase"]
[SourceDate "2008.11.26"]
[SourceVersion "1"]
[SourceVersionDate "2008.11.26"]
[SourceQuality "1"]

1. e4 e5 2. Nf3 Nc6 3. Bc4 Bc5 4. 0-0 Nf6 5. Nc3 d6 6. h3 0-0 7. Re1 Re8 8. Na4 a6 9. Nxc5 dxc5 10. Ng5 Re7 11. a3 b5 12. Ba2 h6 13. Nf3 Bb7 14. d3 Qd6 15. Nh4 Qd7 16. Re3 Rd8 17. b3 Nb8 18. Bb2 Nxe4 19. Qe2 Nf6 20. Rxe5 Rde8 21. Rxe7 Rxe7 22. Qd1 Qd5 23. Bxf6 gxf6 24. Qg4+ Qg5 25. Nf5 Re5 26. Nxh6+ Kg7 27. Qxg5+ fxg5 28. Ng4 Re2 29. Ne3 Nc6 30. Kf1 Rxe3 31. fxe3 Ne5 32. b4 cxb4 33. axb4 Ng6 34. g3 Bc8 35. Kg2 Bb7+ 36. e4 f5 37. Rf1 fxe4 38. Rf7+ Kh6 39. Rxc7 1-0

[Event "Frankfurt-ch"]
[Site "Frankfurt"]
[Date "2008.05.05"]
[Round "2"]
[White "Will, Karsten"]
[Black "Plattner, Rolf"]
[Result "0-1"]
[WhiteElo "1429"]
[BlackElo "1922"]
[PlyCount "64"]
[EventDate "2008.04.28"]
[EventType "swiss"]
[EventRounds "7"]
[EventCountry "GER"]
[SourceTitle "EXT 2009"]
[Source "ChessBase"]
[SourceDate "2008.11.26"]
[SourceVersion "1"]
[SourceVersionDate "2008.11.26"]
[SourceQuality "1"]

1. e4 c5 2. Nf3 d6 3. d4 cxd4 4. Nxd4 Nf6 5. Nc3 a6 6. Be2 e6 7. Bg5 Be7 8. 0-0 Nbd7 9. Qd3 Qc7 10. Rad1 0-0 11. Rfe1 b5 12. Bf3 Ne5 13. Qe3 Nxf3+ 14. Nxf3 Bb7 15. e5 dxe5 16. Qxe5 Qc6 17. Rd3 Rfe8 18. Red1 b4 19. Ne2 Qxc2 20. R3d2 Qc6 21. Rc1 Qe4 22. Rd4 Qxe5 23. Nxe5 Nd5 24. Bd2 Bf6 25. f4 Be7 26. b3 Rac8 27. Rdc4 Nb6 28. Rc7 Rb8 29. Nc6 Bxc6 30. R1xc6 Nd5 31. Ra7 Ra8 32. Rcxa6 Bc5+ 0-1